African Airport Code Quiz - Statistics

General Stats
  • This quiz has been taken 676 times
  • The average score is 30 of 65
Answer Stats
Hint Answer % Correct
CAI Cairo
96%
NBO Nairobi
89%
ACC Accra
88%
CPT Capetown
85%
JNB Johannesburg
84%
TUN Tunis
84%
ADD Addis Abeba
82%
DAK Dakar
81%
LOS Lagos
76%
HRE Harare
75%
ALG Algiers
72%
DUR Durban
69%
CMN Casablanca
68%
ABV Abuja
66%
CKY Conakry
65%
WDH Windhoek
65%
BJL Banjul
61%
LAD Luanda
60%
ZNZ Zanzibar
60%
ASM Asmara
59%
DAR Dar es Salaam
59%
KRT Khartoum
59%
JIB Djibouti
58%
FIH Kinshasa
57%
BZV Brazzaville
55%
MPM Maputo
55%
ABJ Abidjan
54%
JUB Juba
54%
TIP Tripoli
53%
LBV Libreville
48%
LXR Luxor
47%
MBA Mombasa
47%
TNR Antananarivo
46%
GBE Gaborone
46%
MRU Mauritius
46%
FNA Lungi Freetown
42%
LFW Lome
40%
SEZ Seychelles
39%
ROB Monrovia
36%
AGA Agadir
35%
RAK Marrakech
34%
NKC Nouakchott
34%
BGF Bangui
31%
COO Cotonou
31%
SSG Malabo
30%
PLZ Port Elizabeth
30%
HRG Hurghada
29%
KAN Kano
29%
JRO Kilimanjaro
29%
TMS Sao Tome
29%
OXB Bissau
27%
ORN Oran
27%
RUN Reunion
25%
DJE Djerba
24%
PHC Port Harcourt
23%
SSH Sharm el Sheikh
22%
TNG Tanger
19%
VFA Victoria Falls
17%
MIR Monastir
13%
WVB Walvis Bay
12%
CZL Constantine
9%
GRJ George
9%
BFN Bloemfontain
6%
DZA Dzaoudzi
6%
NBE Enfidha
6%
No matching quizzes found
Score Distribution
Percent of People with Each Score
Percentile by Number Answered
Your Score History
You have not taken this quiz